Kliknij 1 lub 2 - Statystyki

Ogólne statystyki
  • Ten quiz został rozwiązany 326 razy
  • Średni wynik to 17 z 26
Statystyki odpowiedzi
Hint Odpowiedź % Poprawnych
Garby na wielbłądzie dwugarbnym 2
80%
Liczba nieparzysta 1
79%
Przeciętna osoba ma tyle nerek 2
79%
Liczba państw, których nazwy zaczynają się na literę O 1
75%
Liczba państw śródlądowych w Ameryce Południowej 2
73%
W szachach każdy gracz zaczyna z taką liczbą skoczków 2
73%
Jeżeli prowadzisz 15-0 w tenisie, to zdobyłeś tyle punktów 1
72%
Liczba państw, których nazwy zaczynają się na Ł 1
72%
Pomnóż 25x5. Jaka jest pierwsza cyfra? 1
71%
Reprezentowane przez „mono” 1
69%
Liczba krajów o populacji powyżej 1 miliarda 2
69%
Liczba angielskich monarchów o imieniu Elżbieta 2
68%
W języku hiszpańskim zaczyna się na literę U 1
67%
Ilość państw, które opuściły UE 1
67%
Liczba pierwiastków układu okresowego zaczynająca się na Ż 1
67%
Shift + ta liczba = @ 2
67%
Liczba kostek w standardowej grze planszowej Monopoly 2
67%
Wygląda to tak po chińsku: 二 2
64%
Jest to jego własny pierwiastek kwadratowy 1
60%
Liczba księżyców Marsa 2
56%
Punkty za wykonanie rzutu osobistego w koszykówce 1
53%
Liczba osób, które spacerowały po księżycu
podczas misji Apollo 11, pierwszej misji lądowania na Księżycu
2
50%
Punkty za literę E w Scrabble 1
48%
Liczba konsulów wybieranych corocznie w starożytnym Rzymie 2
47%
Liczba atomowa helu 2
46%
Liczba pierwsza 2
45%
Nie znaleziono quizów pasujących do podanych kryteriów
Rozkład punktacji
Procent ludzi z każdym wynikiem
Percentyl według liczby udzielonych odpowiedzi
Twoja historia wyników
Nie rozwiązałeś tego quizu